South Asian conference on education (Novenber 14-18,1999): Education in the South Asian context issues and challenges: Abstracts (Record no. 1393436)

MARC details
000 -LEADER
fixed length control field 00649nam a2200205Ia 4500
003 - CONTROL NUMBER IDENTIFIER
control field OSt
005 - DATE AND TIME OF LATEST TRANSACTION
control field 20260105133709.0
008 - FIXED-LENGTH DATA ELEMENTS--GENERAL INFORMATION
fixed length control field 008 250505s9999 xx 000 0 eng d
037 ## - SOURCE OF ACQUISITION
Stock number textbook
040 ## - CATALOGING SOURCE
Original cataloging agency FEDL
Language of cataloging eng
Transcribing agency FEDL
041 ## - LANGUAGE CODE
Language code of text/sound track or separate title eng
Source of code eng
082 ## - DEWEY DECIMAL CLASSIFICATION NUMBER
Classification number 370, CIE/R
245 #0 - TITLE STATEMENT
Title South Asian conference on education (Novenber 14-18,1999): Education in the South Asian context issues and challenges: Abstracts
245 #0 - TITLE STATEMENT
Statement of responsibility, etc. Department of Education (Delhi India)
260 ## - PUBLICATION, DISTRIBUTION, ETC.
Place of publication, distribution, etc. Delhi, India
Name of publisher, distributor, etc. Department of Education
300 ## - PHYSICAL DESCRIPTION
Extent 80p.
546 ## - LANGUAGE NOTE
Language note Gifted
942 ## - ADDED ENTRY ELEMENTS (KOHA)
Koha item type Textbook
Classification part 370, CIE/R
Source of classification or shelving scheme Dewey Decimal Classification
Suppress in OPAC No
Holdings
Withdrawn status Lost status Source of classification or shelving scheme Damaged status Not for loan Home library Current library Date acquired Total Checkouts Full call number Barcode Date last seen Price effective from Koha item type
    Dewey Decimal Classification     Department of Education Library Department of Education Library 2025-05-08   370, CIE/R EL0087075 2025-05-08 2025-05-08 Textbook
Copyright @ Delhi University Library System